000 00322nam a22001337a 4500
008 171016b xxu||||| |||| 00| 0 eng d
020 _a2900132729825
041 _aeng
080 _a331.101.262
100 _a52
101 _aBNJ
245 _aMANAGING HUMAN RESOURCE
_cGOMEZ-MEJIA, L.R
942 _2udc
_cBK
999 _c34226
_d34226